Group farming in Asia : (Record no. 16702)

000 -LEADER
fixed length control field 00575cam a2200145 i 4500
040 ## - CATALOGING SOURCE
Transcribing agency DLC
082 00 - DEWEY DECIMAL CLASSIFICATION NUMBER
Classification number 334 SIA 1978 A107 Or.
245 00 - TITLE STATEMENT
Title Group farming in Asia :
Remainder of title experiences and potentials /
260 ## - PUBLICATION, DISTRIBUTION, ETC. (IMPRINT)
Place of publication Singapore :
Name of publisher Singapore University Press,
Year of publication c1979.
300 ## - PHYSICAL DESCRIPTION
Number of Pages xvi, 296 p. :
Other physical details ill. ;
Dimensions 24 cm.
500 ## - GENERAL NOTE
General note "Based on papers presented at a conference sponsored by the Regional Research and Training Programme of the Agricultural Development Council in Singapore on 22-24 August 1977."
650 #0 - SUBJECT ADDED ENTRY--TOPICAL TERM
Topical Term Agriculture, Cooperative
700 1# - ADDED ENTRY--PERSONAL NAME
Personal name Wong, John,
942 ## - ADDED ENTRY ELEMENTS (KOHA)
Koha item type សៀវភៅភាសាអង់គ្លេស
952 ## - LOCATION AND ITEM INFORMATION (KOHA)
Withdrawn status [LOCAL, KOHA] 0
952 ## - LOCATION AND ITEM INFORMATION (KOHA)
Withdrawn status [LOCAL, KOHA] 0
952 ## - LOCATION AND ITEM INFORMATION (KOHA)
Withdrawn status [LOCAL, KOHA] 0
Holdings
Permanent Location Date acquired Koha item type Lost status Shelving location Barcode Current Location Full call number
Library Block A2018-03-27សៀវភៅភាសាអង់គ្លេស A108A13811Library Block A334 SIA 1978 A108 Or.
Library Block A2018-03-27សៀវភៅភាសាអង់គ្លេស A108A13515Library Block A334 SIA 1978 A108 Or.
Library Block A2018-03-27សៀវភៅភាសាអង់គ្លេស A108A13572Library Block A334 SIA 1978 A108 Or.
មជ្ឈមណ្ឌលឯការនៃសាកលវិទ្យាល័យភូមិន្ទកសិកម្មចំការដូង

Powered by Koha